Soundings in modern South Asian history: (Record no. 18536)

MARC details
000 -LEADER
fixed length control field 00813cam a22002651 4500
001 - CONTROL NUMBER
control field 1706617
003 - CONTROL NUMBER IDENTIFIER
control field BDDh-ASL
005 - DATE AND TIME OF LATEST TRANSACTION
control field 20231015025719.0
008 - FIXED-LENGTH DATA ELEMENTS--GENERAL INFORMATION
fixed length control field 710714s1968 enkbf b 000 0 eng
010 ## - LIBRARY OF CONGRESS CONTROL NUMBER
LC control number 68111409
015 ## - NATIONAL BIBLIOGRAPHY NUMBER
National bibliography number B68-09050
040 ## - CATALOGING SOURCE
Original cataloging agency DLC
Transcribing agency DLC
Modifying agency BDDh-ASL
043 ## - GEOGRAPHIC AREA CODE
Geographic area code a-ii---
050 00 - LIBRARY OF CONGRESS CALL NUMBER
Classification number DS463
Item number .L68 1968b
082 00 - DEWEY DECIMAL CLASSIFICATION NUMBER
Classification number 954
Item number LOS
100 1# - MAIN ENTRY--PERSONAL NAME
Personal name Low, D. A.
Fuller form of name (Donald Anthony),
Dates associated with a name 1927-
245 10 - TITLE STATEMENT
Title Soundings in modern South Asian history:
Statement of responsibility, etc. edited by D. A. Low.
260 ## - PUBLICATION, DISTRIBUTION, ETC.
Place of publication, distribution, etc. London:
Name of publisher, distributor, etc. Weidenfeld & Nicolson,
Date of publication, distribution, etc. 1968.
300 ## - PHYSICAL DESCRIPTION
Extent xi, 391 p. :
Other physical details fold. plate, map.;
Dimensions 23 cm.
350 ## - PRICE (NR) (BK AM CF MU VM SE) [OBSOLETE]
Price 63/-
504 ## - BIBLIOGRAPHY, ETC. NOTE
Bibliography, etc. note Includes bibliographical references.
651 #0 - SUBJECT ADDED ENTRY--GEOGRAPHIC NAME
Geographic name India
General subdivision History
Chronological subdivision British occupation, 1765-1947.
906 ## - LOCAL DATA ELEMENT F, LDF (RLIN)
a 7
b cbc
c orignew
d u
e ncip
f 19
g y-gencatlg
942 ## - ADDED ENTRY ELEMENTS (KOHA)
Source of classification or shelving scheme Dewey Decimal Classification
Koha item type Books
Holdings
Withdrawn status Lost status Source of classification or shelving scheme Damaged status Not for loan Collection code Home library Current library Shelving location Date acquired Source of acquisition Total Checkouts Full call number Barcode Date last seen Copy number Price effective from Koha item type Public note
    Dewey Decimal Classification   Not For Loan Non-fiction Asiatic Society Library Asiatic Society Library Harrison Collection 10/13/2020 Donated by Prof. John B. Harrison   954 LOS 101728 10/13/2020 C-1 10/13/2020 Books RARE
    Dewey Decimal Classification     Non-fiction Asiatic Society Library Asiatic Society Library Sirajul Islam Collection 11/22/2020 Donated by Professor Sirajul Islam, FRHS   954 LOS 102593 11/22/2020 C-1 11/22/2020 Books RARE

Powered by Koha